00875nam a22002537a 450000500170000001000130001702000110003003500130004103700160005404000120007008200180008210000220010024500940012226000370021627000620025330000240031550000200033965000330035965000300039270000190042294200270044199900190046895201340048720170124110231.0 aB-055337 c185.00 aB-055337 bCen Lib/Ret aDPLbEN a351.7142bMUT aMuthuswamy941324 aManual of office procedure:cby Muthuswamy [and] Brinda ba cemtral governement offices / aChennaibSwamy publishers c1988 bChennaia236, R.K. Mutt road, post Box No. 2468e11600028 axv,375p.c20cm(pbk) aIncludes index  aPublic administration 94733 aOffice management 919428 aBrinda 939133 2ddccENh351.7142mMUT c134656d134656 001040718REFaLbLd2015-07-30eCen Lib/Retg185.00l0o351.7142 MUTpB-055337r2015-07-30 00:00:00t1v185.00w2015-07-30yEN